|
|
|
|
| LEADER |
00000nam a2200000 a 4500 |
| 001 |
vtls009466467 |
| 003 |
SK-MaSNL |
| 005 |
20260301082019.0 |
| 008 |
181130s2008 xo dabld p 001 0 slo |
| 015 |
|
|
|a SNBA2009/02-00633
|
| 020 |
|
|
|a 9788022324175
|q (brož.)
|
| 035 |
|
|
|a urn:nbn:sk:snk-am00a33b
|
| 035 |
|
|
|a urn:nbn:sk:snk-am3h7sv
|
| 035 |
|
|
|a 81695394-EE71-4247-98EC-AD1DFBEE1748
|
| 040 |
|
|
|a SNK
|b slo
|c SNK
|e AACR2
|
| 041 |
0 |
|
|a slo
|
| 044 |
|
|
|a xo
|c SK
|
| 072 |
|
7 |
|a 616
|x Patológia. Klinická medicína
|2 konspekt
|
| 080 |
|
|
|a 616-036.22
|2 2001
|
| 080 |
|
|
|a (075)
|2 2001
|
| 245 |
0 |
0 |
|a Epidemiológia
|c Pavol Bakoss editor
|
| 250 |
|
|
|a 2. dopl. a aktualizované vyd.
|
| 260 |
|
|
|a Bratislava
|b Univerzita Komenského
|c 2008
|
| 300 |
|
|
|a 520 s.
|b grafy, ilustr., mp., sch., tab.
|c 24 cm
|
| 366 |
|
|
|e 500 výt.
|
| 504 |
|
|
|a Bibliogr. odkazy. Reg. Použ. skrat.
|
| 650 |
0 |
7 |
|a epidemiológia
|2 SNKPH
|9 836
|
| 650 |
0 |
7 |
|a Epidemiology
|2 SNKPHeng
|9 270713
|
| 655 |
|
7 |
|a učebnice
|2 SNKPH
|9 22521
|
| 655 |
|
7 |
|a Textbooks
|2 SNKPHeng
|9 276731
|
| 700 |
1 |
|
|a Bakoss, Pavol,
|d 1933-
|4 aut
|4 edt
|9 117602
|
| 919 |
|
|
|a 978-80-223-2417-5
|
| 958 |
|
|
|a NB
|
| 958 |
|
|
|a MI
|
| 968 |
|
|
|d 61
|
| 999 |
|
|
|c 657443
|d 659373
|
| 952 |
|
|
|a SNK
|b SNK
|y PREZ
|7 0
|p 17A0607630
|o snkSC 134248
|i snk2009/1175
|8 0
|0 0
|1 0
|4 0
|d 2009-01-28
|f 1
|l 0
|r 2025-06-30 00:00:00
|w 2026-02-23
|
| 952 |
|
|
|a SNK
|b SNK
|y VYP
|7 0
|p 17A0655896
|o snkSC 134248 D1
|i snk2009/1176
|8 0
|0 0
|1 0
|4 0
|d 2009-01-28
|l 0
|r 2026-02-23 18:42:32
|w 2026-02-23
|